| 000 | 00457nam a22001697a 4500 | ||
|---|---|---|---|
| 003 | NUST | ||
| 005 | 20220726113820.0 | ||
| 008 | 220726b ||||| |||| 00| 0 eng d | ||
| 038 | _aAzhar | ||
| 082 |
_a425 _bWIL |
||
| 100 |
_aSean Williams _995165 |
||
| 245 |
_aEnglish grammar : 100 tragically common mistakes and how to correct them _cSean Williams |
||
| 260 |
_aCalifornia _bZephyros press _c2019 |
||
| 300 | _a168p | ||
| 563 | _aPB | ||
| 942 |
_2ddc _cLC |
||
| 999 |
_c590637 _d590637 |
||